00838nam a2200193Ia 4500003000900000008004100009020001800050040001600068080001900084245022600103260005500329300001000384650004100394700002800435700003000463942000700493999001700500952012700517IN-BaIIA211028s9999 xx 000 0 eng d a81-900171-0-1 cIIA Library a(03)635.9bTRO 0aTropical garden plants in colourba guide to tropical ornamental plants for garden and home with more than 1660 colour illustrationscedited by T. K. Bose and Chowdhury B.  aCalcuttabHorticulture and Allied Publishersc1991 a452p. aAstronomy and Astrophysics Thesaurus aBose, T. K., ed.917911 aChowdhury, B., ed.917912 cBK c10537d10537 00104070aBANbBANcGENd1993-02-02g1500.00l0o(03)635.9/ TROp11448r2021-11-05v1500.00w1993-02-02yBKGRs. 1500.00